| 000 | 01481nam0a2200349 4500 | ||
|---|---|---|---|
| 001 | RU\NLR\BIBL_A\011470353 | ||
| 005 | 20260408200500.0 | ||
| 010 |
_a978-5-91791-210-3 _9500 |
||
| 021 |
_aRU _b2017-61140 _94332 |
||
| 035 | _a(NLR Aleph) 011470353 | ||
| 035 | _a(RuMoRGB)008999652 | ||
| 090 |
_a11851557 _c11851557 |
||
| 100 | _a20170912d2017 k y0rusy50 ca | ||
| 101 | 0 | _arus | |
| 102 | _aRU | ||
| 105 | _aa z 0 zy | ||
| 200 | 1 |
_aВоенные реформы в России второй половины XVII века. Конница _e[монография] _fО. А. Курбатов |
|
| 210 |
_aМосква _cКвадрига _d2017 |
||
| 215 |
_a301, [2] с., [8] л. цв. ил., цв. портр. _cил., портр., табл. _d22 |
||
| 225 | 1 | _aИсторические исследования | |
| 320 | _aБиблиогр.: с. 289-299 | ||
| 517 | 1 | _aКонница | |
| 601 | 0 | 1 |
_aРоссия _bСухопутные войска _bКавалерия _xИстория _zсеред. 17 - нач. 19 вв. _3RU\NLR\AUTH\661434652 _92407432 |
| 606 | 1 |
_aВоенные реформы _yРоссия _z17 в. _92339252 _3RU\NLR\AUTH\6601621995 |
|
| 686 | 1 | _aЦ59,8(2)0-1 | |
| 686 | 1 | _aЦ4,8(2)21 | |
| 700 | 1 |
_7ca _8rus _aКурбатов _bО. А. _cисторик _gОлег Александрович _3RU\NLR\AUTH\770287714 _92689827 |
|
| 942 | _cBOOK | ||
| 980 | _aNBR | ||
| 980 | _aNB | ||